Computer organization (Record no. 27282)

000 -LEADER
fixed length control field 00578nam a2200229 a 4500
001 - CONTROL NUMBER
control field 27282
003 - CONTROL NUMBER IDENTIFIER
control field BD-DhUET
008 - FIXED-LENGTH DATA ELEMENTS--GENERAL INFORMATION
fixed length control field 010315s2002 maua b 001 0 eng
020 ## - INTERNATIONAL STANDARD BOOK NUMBER
International Standard Book Number 0071204113
040 ## - CATALOGING SOURCE
Original cataloging agency DLC
Transcribing agency DLC
Modifying agency BD-DhUET
082 00 - DEWEY DECIMAL CLASSIFICATION NUMBER
Classification number 004
Item number HAM/2002
100 ## - MAIN ENTRY--PERSONAL NAME
Personal name Hamacher, Carl
245 10 - TITLE STATEMENT
Title Computer organization
250 ## - EDITION STATEMENT
Edition statement 5th ed.
260 ## - PUBLICATION, DISTRIBUTION, ETC. (IMPRINT)
Place of publication, distribution, etc. Boston
Name of publisher, distributor, etc. McGraw-Hill
Date of publication, distribution, etc. 2002
300 ## - PHYSICAL DESCRIPTION
Extent xx, 805 p.
Other physical details ill.
Dimensions 24 cm.
504 ## - BIBLIOGRAPHY, ETC. NOTE
Bibliography, etc Includes bibliographies
650 #0 - SUBJECT ADDED ENTRY--TOPICAL TERM
Topical term or geographic name as entry element Computer organization
700 ## - ADDED ENTRY--PERSONAL NAME
Personal name Vranesic, Zvonko
700 ## - ADDED ENTRY--PERSONAL NAME
Personal name Zaky, Safwat
942 ## - ADDED ENTRY ELEMENTS (KOHA)
Koha item type General Book
Holdings
Copy number Date acquired Source of classification or shelving scheme Sublocation or collection (holding branch) Not for loan Withdrawn status Koha date last seen Location (home branch) Shelving location Lost status Piece designation (barcode) Koha full call number Koha normalized classification for sorting Price effective from Damaged status Koha item type
12015-06-06 Central Library, BUET  2015-06-06Central Library, BUETReading section 102153004/HAM/2002004_000000000000000_HAM_20022015-06-06 Reading Item